| 000 | 00977cas a22003257a 4500 | ||
|---|---|---|---|
| 003 | OSt | ||
| 005 | 20260310142416.0 | ||
| 008 | 990630d1964 mx mr pernn 0 uub1spa d | ||
| 010 | _a78504 | ||
| 011 | _a79476 | ||
| 035 | _a89729 | ||
| 040 | _aCHAP | ||
| 245 | 0 | 0 |
_aBoletín informativo IICA _c/por Instituto Interamericano de Ciencias Agrícolas |
| 260 | 0 |
_aMéxico, D.F. : _bInstituto Interamericano de Ciencias Agrícolas _c1964- |
|
| 300 | _av. | ||
| 310 | _aMensual | ||
| 362 | 1 | _an.22, 1966 | |
| 500 | _aSe dejó de recibir a partir del n.22, 1966. | ||
| 590 |
_aBATCH-UPD _b10 _c20130110 |
||
| 590 |
_aBATCH-UPD _b10 _c20130410 |
||
| 590 |
_aBATCH-UPD _b10 _c20130914 |
||
| 590 |
_aCONVERSION _b10 _c20130109 |
||
| 650 | 1 | 4 |
_aCrédito agrícola _xPublicaciones periódicas. _929073 |
| 866 | _an.1-18 (1964-1965) | ||
| 866 | _an.22 (1966) | ||
| 901 | _aSE | ||
| 905 | _aMa. del Socorro Iturbe c. | ||
| 942 | _2ddc | ||
| 999 |
_c78504 _d78504 |
||